|
|
|
|
| LEADER |
00000nam0a2200000 4500 |
| 001 |
115742 |
| 005 |
20231101215300.0 |
| 010 |
|
|
|a 9785769208911
|
| 035 |
|
|
|a (RuTPU)RU\TPU\book\125183
|
| 090 |
|
|
|a 115742
|
| 100 |
|
|
|a 20070514d2007 k y0rusy50 ca
|
| 101 |
0 |
|
|a rus
|
| 102 |
|
|
|a RU
|
| 105 |
|
|
|a a z 001zy
|
| 200 |
1 |
|
|a Безвзрывные технологии открытой добычи твердых полезных ископаемых
|f Российская академия наук (РАН), Сибирское отделение (СО), Институт горного дела (ИГД); Институт горного дела Севера им. Н. В. Черского (ИГДС СО РАН) ; отв. ред. В. Н. Опарин
|
| 210 |
|
|
|a Новосибирск
|c Изд-во СО РАН
|d 2007
|
| 215 |
|
|
|a 337 с.
|c ил.
|
| 320 |
|
|
|a Библиография в конце глав.
|
| 330 |
|
|
|a В монографии обобщены материалы комплексных исследований безвзрывной технологии открытой добычи твердых полезных ископаемых и технических средств для их реализации. Проанализированы основные показатели известных способов разрушения и разупрочнения горных пород, обоснована рациональная по прочностным характеристикам массива область применения безвзрывных технологий, обобщены результаты исследований и эксплуатации экскаваторов-мехлопат с ковшом активного действия и указаны направления их совершенствования. Рассмотрены технологические схемы безвзрывной разработки массивов горных пород и технико-экономическая эффективность различных типов машин и технологических схем. Обоснованы перспективы применения безвзрывных технологий на месторождениях полезных ископаемых Урала и Сибири. Книга рассчитана на инженерно-технических работников горнодобывающих предприятий, инженеров-конструкторов и проектировщиков, научных работников, занимающихся созданием новой техники и технологии открытых горных работ.
|
| 606 |
1 |
|
|a Полезные ископаемые
|x Добыча открытая
|x Интенсификация
|2 stltpush
|3 (RuTPU)RU\TPU\subj\50086
|9 68835
|
| 610 |
1 |
|
|a горное дело
|
| 610 |
1 |
|
|a твердые полезные ископаемые
|
| 610 |
1 |
|
|a горные породы
|
| 610 |
1 |
|
|a разупрочнение
|
| 610 |
1 |
|
|a разрушение
|
| 610 |
1 |
|
|a безвзрывные способы
|
| 610 |
1 |
|
|a технико-экономические показатели
|
| 610 |
1 |
|
|a технические средства
|
| 610 |
1 |
|
|a ударное разрушение
|
| 610 |
1 |
|
|a параметры
|
| 610 |
1 |
|
|a расчет
|
| 610 |
1 |
|
|a экскаваторы с ковшом
|
| 610 |
1 |
|
|a эксплуатация
|
| 610 |
1 |
|
|a рабочее оборудование
|
| 610 |
1 |
|
|a совершенствование
|
| 610 |
1 |
|
|a технологические схемы
|
| 610 |
1 |
|
|a вскрышные работы
|
| 610 |
1 |
|
|a безвзрывная выемка
|
| 610 |
1 |
|
|a месторождения полезных ископаемых
|
| 610 |
1 |
|
|a Урал
|
| 610 |
1 |
|
|a Сибирь
|
| 675 |
|
|
|a 622.271
|v 3
|
| 702 |
|
1 |
|a Опарин
|b В. Н.
|4 340
|
| 712 |
0 |
2 |
|a Российская академия наук (РАН)
|b Сибирское отделение (СО)
|b Институт горного дела (ИГД)
|c (Новосибирск)
|2 stltpush
|3 (RuTPU)RU\TPU\col\2521
|
| 712 |
0 |
2 |
|a Российская академия наук
|b Сибирское отделение
|b Институт горного дела Севера им. Н. В. Черского (ИГДС СО РАН)
|c (Якутск)
|2 stltpush
|3 (RuTPU)RU\TPU\col\6221
|
| 801 |
|
1 |
|a RU
|b 63413507
|c 20070514
|g PSBO
|
| 801 |
|
2 |
|a RU
|b 63413507
|c 20140625
|g PSBO
|
| 942 |
|
|
|c BK
|
| 959 |
|
|
|a 39/20070514
|d 1
|e 0
|f НФ:1
|